Score 0/20 Timer 12:00
0 Plays Today
# Product/Company % Correct
1Snickers
96.4%
3E-trade
68.9%
2Budweiser
63.9%
9FedEx
56.9%
16Doritos
53.5%
13Coca-Cola
52.6%
18Wendys
51.5%
6Visa
44.9%
4Hulu
44%
12Xerox
41.1%
# Product/Company % Correct
11Apple
40.9%
20McDonald's
39.9%
8Monster
31.6%
14Pepsi
29.7%
7Bud Light
23.9%
15Cars.com
22.2%
17M&Ms
16.3%
19Reebok
14.5%
10Electronic Data Systems (EDS)
9.6%
5MBNA
5.6%
Remove Ads.
Support Sporcle.
Get the best of Sporcle when you Go Orange. This ad-free experience offers more features, more stats, and more fun while also helping to support Sporcle. Thank you for becoming a member.

You're not logged in!

Compare scores with friends on all Sporcle quizzes.
OR
Log In

Show Comments

Extras

Top Quizzes Today


Score Distribution

Your Account Isn't Verified!

In order to create a playlist on Sporcle, you need to verify the email address you used during registration. Go to your Sporcle Settings to finish the process.

Report this User

Report this user for behavior that violates our Community Guidelines.

Details: